000
00210 a2200097 4500
001
55312
100
_a
245
_a
Hot book of chillies
260
_a
London
_b
New Haven
_c
2006
090
_c
34290
_d
34290
942
_a
NUST-CAE
_c
MONOGRAPH
_c
26992
999
_c
290385
_d
290385